00000000nam 2200000zi 4500
0019.945098
003CaOODSP
00520250106111047
006m     o  d f      
007cr cn ||||||||
008241112e202412  oncbd   ob   f000 0 eng d
020 |a9780660744643
040 |aCaOODSP|beng|erda|cCaOODSP
043 |an-cn-bc
0861 |aFs70-5/2024-079E-PDF
1001 |aJenewein, Brittany, |eauthor.
24510|aMigration speed, run timing, and migration route for interior Fraser steelhead trout / |cBrittany Jenewein, Brooke Davis, Anna Potapova, Catarina Wor, Paul van Dam-Bates and Mike Hawkshaw.
264 1|aOttawa ON : |bCanadian Science Advisory Secretariat (CSAS), |cDecember 2024.
264 4|c©2024
300 |a1 online resource (vi, 34 pages) : |bmaps, charts.
336 |atext|btxt|2rdacontent
337 |acomputer|bc|2rdamedia
338 |aonline resource|bcr|2rdacarrier
4901 |aResearch document, |x1919-5044 ; |v2024/079
500 |aIssued also in French under title: Vitesse de migration, période de montaison et itinéraire de migration de la truite arc-en-ciel du Fraser intérieur.
504 |aIncludes bibliographical references (pages 27-30).
650 0|aSteelhead (Fish)|xMigration|zBritish Columbia|zFraser River.
7101 |aCanada. |bDepartment of Fisheries and Oceans, |eissuing body.
7102 |aCanadian Science Advisory Secretariat, |eissuing body.
77508|tVitesse de migration, période de montaison et itinéraire de migration de la truite arc-en-ciel du Fraser intérieur / |w(CaOODSP)9.945097
830#0|aResearch document (Canadian Science Advisory Secretariat)|v2024/079.|w(CaOODSP)9.507396
85640|qPDF|s2.21 MB|uhttps://publications.gc.ca/collections/collection_2025/mpo-dfo/fs70-5/Fs70-5-2024-079-eng.pdf